<?xml version="1.0" encoding="UTF-8"?><?xml-stylesheet type="text/xsl" href="static/style.xsl"?><OAI-PMH xmlns="http://www.openarchives.org/OAI/2.0/" xmlns:xsi="http://www.w3.org/2001/XMLSchema-instance" xsi:schemaLocation="http://www.openarchives.org/OAI/2.0/ http://www.openarchives.org/OAI/2.0/OAI-PMH.xsd"><responseDate>2026-04-27T08:18:16Z</responseDate><request verb="GetRecord" identifier="oai:uvadoc.uva.es:10324/4589" metadataPrefix="marc">https://uvadoc.uva.es/oai/request</request><GetRecord><record><header><identifier>oai:uvadoc.uva.es:10324/4589</identifier><datestamp>2021-06-29T09:45:17Z</datestamp><setSpec>com_10324_38</setSpec><setSpec>col_10324_852</setSpec></header><metadata><record xmlns="http://www.loc.gov/MARC21/slim" xmlns:doc="http://www.lyncode.com/xoai" xmlns:xsi="http://www.w3.org/2001/XMLSchema-instance" xmlns:dcterms="http://purl.org/dc/terms/" xsi:schemaLocation="http://www.loc.gov/MARC21/slim http://www.loc.gov/standards/marcxml/schema/MARC21slim.xsd">
<leader>00925njm 22002777a 4500</leader>
<datafield tag="042" ind1=" " ind2=" ">
<subfield code="a">dc</subfield>
</datafield>
<datafield tag="720" ind1=" " ind2=" ">
<subfield code="a">Cebrián Ortega, Álvaro</subfield>
<subfield code="e">author</subfield>
</datafield>
<datafield tag="260" ind1=" " ind2=" ">
<subfield code="c">2013</subfield>
</datafield>
<datafield tag="520" ind1=" " ind2=" ">
<subfield code="a">En la escuela del medio rural, por sus características, concurren muchos alumnos de diversas localidades cercanas entre sí. El alumnado que usa el transporte escolar al finalizar su  jornada lectiva regresa a su localidad de origen. La mayoría, sin apenas población infantil, termina aquí toda relación  y actividad con compañeros de su edad, cayendo en el sedentarismo y pasando largas horas frente al ordenador o televisor. &#xd;
Para evitarlo, desde el área de Educación Física y con la colaboración de la Comunidad Educativa, se pretende ofertar un lugar de convivencia tras el horario lectivo. En torno a esta idea gira el planteamiento de este trabajo, que se centra en la implementación y análisis de un proyecto, cuyo eje fundamental es la promoción de actividades físicas extraescolares para mejorar la socialización, autoestima, cooperación y esfuerzo personal, en una escuela del medio rural concreta; el CEIP “Virgen del Brezo”.</subfield>
</datafield>
<datafield tag="024" ind2=" " ind1="8">
<subfield code="a">http://uvadoc.uva.es/handle/10324/4589</subfield>
</datafield>
<datafield ind1=" " ind2=" " tag="653">
<subfield code="a">Escuelas rurales</subfield>
</datafield>
<datafield ind1=" " ind2=" " tag="653">
<subfield code="a">Deportes escolares</subfield>
</datafield>
<datafield tag="245" ind1="0" ind2="0">
<subfield code="a">Fomento de actividades extraescolares físico-deportivas en la escuela del medio rural : CEIP "Virgen del Brezo"</subfield>
</datafield>
</record></metadata></record></GetRecord></OAI-PMH>